| 000 | 01631nam a2200253Ia 4500 | ||
|---|---|---|---|
| 003 | Ost | ||
| 005 | 20260507075254.0 | ||
| 008 | 260507s9999||||xx |||||||||||||| ||und|| | ||
| 020 | _a78031199579 | ||
| 040 | _cfsecg | ||
| 041 | _aara | ||
| 082 | _a330 | ||
| 100 |
_aالبياتي، طاهر فاضل _eمؤلف |
||
| 245 | 0 |
_aمدخل الى علم الاقتصاد : _bالتحليل الجزئي و الكلي / _c طاهر فاضل البياتي |
|
| 260 |
_aعمان: _bدار وائل, _c2009 |
||
| 300 |
_a519 صفحة؛ _bإيضاحات ؛ _c24 سم |
||
| 504 | _aمراجع ص.501 ؛ قائمة المصطلحات ص.509 | ||
| 520 | _a1) الاقتصاد الجزئي : نظرة عامة في علم الاقتصاد ، الطلب و مرونات الطلب ، العرض و مرونات العرض ، نظريات سلوك المستهلك ، نظرية الانتاج و تكاليف الانتاج ، نظرية السوق 2) الاقتصاد الكلي : الناتج القومي و الدخل القومي ، التضخم و البطالة ، النقود و القواعد النقدية ، الجهاز المصرفي و السياسة النقدية ، السياسة المالية ، التضخم الركودي ، التجارة الدولية و التنمية الاقتصادية ، مع وجود أسئلة حول الاقتصاد الجزئي و الاقتصاد الكلي . | ||
| 653 | _aالاقتصاد الجزئي | ||
| 653 | _aالاقتصاد الكلي | ||
| 653 | _aعلم الاقتصاد | ||
| 700 |
_aالشمري، خالد توفيق _eمؤلف ثانوي |
||
| 942 | _cكتاب | ||
| 999 |
_c43719 _d43719 |
||